Las lanzas coloradas

Na minha lista:
Detalhes bibliográficos
Autor principal: Uslar Pietri, Arturo
Formato: Livro
Idioma:Undetermined
Publicado em: Buenos Aires, Argentina Losada 1967
Edição:5
Assuntos:
Tags: Adicionar Tag
Sem tags, seja o primeiro a adicionar uma tag!

MARC

LEADER 00000nam a2200000Ia 4500
008 170316s9999 xx 000 0 und d
040 |a cru BVZT 
090 |a 860 U-5L 
100 |a Uslar Pietri, Arturo 
245 |a Las lanzas coloradas 
250 |a 5 
260 |a Buenos Aires, Argentina  |b Losada  |c 1967 
300 |a 192 páginas 
650 |a LITERATURA LATINOAMERICANA 
942 |c 15 D 
999 |c 9292  |d 9292